Načítá se...
Gedichte und Interpretationen: Klassik und Romantik
| Médium: | Printed Book |
|---|---|
| Vydáno: |
Stuttgart
Reclam
1984
|
| LEADER | 00433nam a22001217a 4500 | ||
|---|---|---|---|
| 999 | |c 258603 |d 258603 | ||
| 082 | |a 831.609 |b SEG | ||
| 245 | |a Gedichte und Interpretationen: |b Klassik und Romantik | ||
| 246 | |a Poems and interpretations: classic and romantic | ||
| 260 | |a Stuttgart |b Reclam |c 1984 | ||
| 300 | |a 464 | ||
| 942 | |c BK | ||
| 952 | |0 0 |1 0 |4 0 |6 831_609000000000000_SEG |7 0 |9 274720 |a GER |b GER |d 2020-01-18 |l 0 |o 831.609 SEG |p GER9102 |r 2020-01-18 |w 2020-01-18 |y BK | ||